Gay Greys Cast - Statistiken

Allgemein
  • Dieses Quiz wurde 91 mal gespielt
    78 seit der letzten Aktualisierung
  • Das Durchschnittsergebnis liegt bei 9 aus 16
Answers on the Grid
Answers color-coded by a green-red scale on the quiz's grid according to % correct below.
Cass
Eliza Minnnick
Owen Hunt
Amelia Sheperd
Maggie Pierce
George O´Malley
Cristina Yang
Calliope Torres
Taryn Helm
Arizona Robbins
Carina DeLuca
Levi Schmitt
Mika
Link
Lauren Boswell
Hermann
Kai
Teddy Altmann
Meredith Grey
Penny Blake
Izzy Stevens
Parker
Bailey
Joe
Alex Karev
Niko Kim
 
Antwortstatistiken
Antwort % Korrekt
Amelia Sheperd
84%
Arizona Robbins
73%
Calliope Torres
71%
Carina DeLuca
69%
Levi Schmitt
69%
Eliza Minnnick
67%
Penny Blake
67%
Taryn Helm
59%
Kai
55%
Niko Kim
53%
Mika
49%
Teddy Altmann
49%
Cass
47%
Lauren Boswell
39%
Joe
37%
Parker
33%
Keine übereinstimmenden Quizze gefunden
Verteilung der Resultate
Anzahl Personen mit jedem Resultat
Perzentil nach korrekt beantworteten Fragen
Ihre Resultats-Entwicklung
Sie haben dieses Quiz seit der letzten Aktualisierung nicht gespielt